Кн. 2 : Электричество и магнетизм; Курс общей физики

Bibliographic Details
Parent link:Курс общей физики: в 5 кн./ И. В. Савельев. Кн. 2 : Электричество и магнетизм.— , 2005.— 5-17-008962-7
Summary:«Курс общей физики» И. В. Савельева охватывает все разделы современной физики и выпускается в пяти книгах. Содержание второй книги составляет учение об электромагнетизме. Настоящий курс соответствует программам по физике для втузов.
Language:Russian
Published: 2005
Subjects:
Format: Book
KOHA link:https://koha.lib.tpu.ru/cgi-bin/koha/opac-detail.pl?biblionumber=106356

MARC

LEADER 00000nam2a2200000 4500
001 106356
005 20231031114853.0
010 |a 5170037600 
010 |a 5-271-01183-6 
035 |a (RuTPU)RU\TPU\book\114769 
090 |a 106356 
100 |a 20061205d2005 m y0rusy50 ca 
101 0 |a rus 
102 |a RU 
105 |a a j 001zy 
200 0 |a Кн. 2 : Электричество и магнетизм 
210 |d 2005 
215 |a 336 с.  |c ил. 
320 |a Предметный указатель: с. 334-336. 
330 |a «Курс общей физики» И. В. Савельева охватывает все разделы современной физики и выпускается в пяти книгах. Содержание второй книги составляет учение об электромагнетизме. Настоящий курс соответствует программам по физике для втузов. 
461 1 |0 (RuTPU)RU\TPU\book\115175  |y 5-17-008962-7  |y 5-271-01033-3  |t Курс общей физики  |o в 5 кн.  |o учебное пособие для втузов  |f И. В. Савельев  |v Кн. 2 : Электричество и магнетизм  |d 2005 
610 1 |a физика 
610 1 |a электричество 
610 1 |a магнетизм 
610 1 |a электрическое поле 
610 1 |a вакуум 
610 1 |a диэлектрики 
610 1 |a проводники 
610 1 |a электрические поля 
610 1 |a энергия 
610 1 |a постоянный ток 
610 1 |a магнитное поле 
610 1 |a электромагнитная индукция 
610 1 |a уравнения Максвелла 
610 1 |a заряженные частицы 
610 1 |a электрические колебания 
610 1 |a металлы 
610 1 |a электропроводность 
610 1 |a учебные пособия 
675 |a 53(075.8)  |v 3 
675 |a 537(075.8)  |v 3 
801 1 |a RU  |b 63413507  |c 20030226  |g PSBO 
801 2 |a RU  |b 63413507  |c 20081002  |g PSBO 
942 |c BK